[Event "CZE-ch U10"]
[Site "Kouty nad Desnou"]
[Date "2009.03.07"]
[Round "1"]
[White "Zeman, Radek"]
[Black "Hora, Filip"]
[Result "1-0"]
[WhiteElo "1250"]
[BlackElo "1250"]
[PlyCount "93"]
[EventDate "2009.03.07"]
[EventType "swiss"]
[EventRounds "9"]
[EventCountry "CZE"]
[SourceTitle "EXT 2011"]
[Source "ChessBase"]
[SourceDate "2010.11.26"]
[SourceVersion "1"]
[SourceVersionDate "2010.11.26"]
[SourceQuality "1"]

1. e4 e5 2. Nf3 Nc6 3. Bc4 Bc5 4. b4 Bxb4 5. c3 Bc5 6. 0-0 Nf6 7. d4 exd4 8. cxd4 Bb4 9. Ng5 0-0 10. Qd3 g6 11. e5 Ne8 12. Qh3 h5 13. Bb2 d5 14. e6 Ne7 15. exf7+ Rxf7 16. Nxf7 Kxf7 17. Qf3+ Nf6 18. Bb3 Bg4 19. Qf4 Bd6 20. Qe3 c6 21. f3 Be6 22. Nd2 Bb4 23. Rae1 Qd6 24. g4 hxg4 25. fxg4 Rh8 26. Qe5 Qxe5 27. dxe5 Bxd2 28. Rxf6+ Ke8 29. Re2 Ba5 30. Rxe6 Kf7 31. Rf6+ Kg7 32. e6 Bb6+ 33. Kg2 Bc5 34. Rf7+ Kg8 35. Bxh8 Kxh8 36. g5 Kg8 37. Re1 Bb4 38. Ref1 Nf5 39. Kh3 b6 40. Bc2 b5 41. Bxf5 gxf5 42. R1xf5 d4 43. e7 Bxe7 44. Rxe7 d3 45. Rd7 d2 46. Re5 d1Q 47. Re8# 1-0